Olympics medal table - Archery - Statistics

General Stats
  • This quiz has been taken 37 times
  • The average score is 12 of 16
Answer Stats
Total Gold Silver Bronze Nation % Correct
9 1 6 2 China
97%
33 14 10 9 United States
97%
43 27 9 7 South Korea
92%
4 0 2 2 Germany
89%
7 0 3 4 Japan
89%
25 7 11 7 France
86%
9 2 2 5 Great Britain
83%
9 2 3 4 Italy
83%
3 1 0 2 Australia
78%
3 1 1 1 Netherlands
72%
7 1 3 3 Soviet Union
64%
21 11 7 3 Belgium
58%
4 0 2 2 Taiwan
50%
4 1 1 2 Ukraine
50%
4 1 1 2 Finland
47%
3 0 1 2 Mexico
47%
No matching quizzes found
Score Distribution
Percent of People with Each Score
Percentile by Number Answered
Your Score History
You have not taken this quiz